[Event "Lorraine-ch"]
[Site "Hayange"]
[Date "2013.05.19"]
[Round "5"]
[White "Carrillo, Jesus"]
[Black "Staeger, Pascal"]
[Result "1-0"]
[WhiteElo "2102"]
[BlackElo "2078"]
[PlyCount "55"]
[EventDate "2013.05.17"]
[EventType "swiss"]
[EventRounds "7"]
[EventCountry "FRA"]
[SourceTitle "EXT 2014"]
[Source "ChessBase"]
[SourceDate "2013.11.20"]
[SourceVersion "1"]
[SourceVersionDate "2013.11.20"]
[SourceQuality "1"]

1. e4 d5 2. exd5 Qxd5 3. Nc3 Qd6 4. d4 Nf6 5. Nf3 a6 6. g3 b5 7. Bg2 Bb7 8. 0-0 e6 9. Re1 Be7 10. Bf4 Qb6 11. Qe2 0-0 12. a4 b4 13. a5 Qa7 14. Na4 Nd5 15. Bd2 Nd7 16. c4 bxc3 17. bxc3 Rfe8 18. h4 c5 19. Ne5 Nxe5 20. dxe5 Rad8 21. Rab1 Rd7 22. h5 Rc8 23. c4 Bc6 24. cxd5 Bxa4 25. dxe6 fxe6 26. Qg4 Bc2 27. Qxe6+ Kh8 28. Rb7 1-0

[Event "Metz op 23rd"]
[Site "Metz"]
[Date "2005.04.21"]
[Round "6"]
[White "Staeger, Pascal"]
[Black "Bruned, Yvalin"]
[Result "0-1"]
[WhiteElo "2132"]
[BlackElo "2316"]
[PlyCount "126"]
[EventDate "2005.04.16"]
[EventType "swiss"]
[EventRounds "9"]
[EventCountry "FRA"]
[SourceTitle "CBM 105 Extra"]
[Source "ChessBase"]
[SourceDate "2005.05.01"]
[SourceVersion "1"]
[SourceVersionDate "2005.05.01"]
[SourceQuality "1"]

1. e4 c5 2. Nc3 Nc6 3. g3 g6 4. Bg2 Bg7 5. d3 d6 6. Be3 e6 7. Qd2 Rb8 8. h4 h5 9. Nge2 b5 10. 0-0 Nge7 11. Nd1 b4 12. f4 Qa5 13. Re1 Qc7 14. d4 cxd4 15. Nxd4 Na5 16. b3 e5 17. Ne2 Nac6 18. Rc1 0-0 19. c4 Bg4 20. Nf2 Bxe2 21. Qxe2 exf4 22. Bxf4 Ne5 23. Red1 Rfd8 24. Kh1 a5 25. Be3 Ra8 26. c5 dxc5 27. Rxc5 Rxd1+ 28. Qxd1 N7c6 29. Bf4 Rd8 30. Qc2 Qb6 31. Bf1 Nd4 32. Qc1 Ne6 33. Rc2 Nxf4 34. gxf4 Nf3 35. Kg2 Nd4 36. Rc8 f5 37. Rxd8+ Qxd8 38. Qc4+ Kh8 39. e5 Qa8+ 40. Kh2 Nf3+ 41. Kg3 Nxe5 42. Qe2 Ng4 43. Nh3 Qc6 44. Ng5 Qc3+ 45. Kg2 Qb2 46. Nf7+ Kg8 47. Qxb2 Bxb2 48. Nd6 Ne3+ 49. Kf2 Nxf1 50. Kxf1 Bc1 51. Nc4 Bxf4 52. Nxa5 Bd6 53. Ke2 Kf7 54. Kd3 Kf6 55. Nc4 Bc5 56. Nd2 g5 57. hxg5+ Kxg5 58. Kc4 Bf8 59. Kd4 Kg4 60. Nf1 h4 61. Ke3 Bc5+ 62. Ke2 h3 63. Nh2+ Kg3 0-1

[Event "Metz op 23rd"]
[Site "Metz"]
[Date "2005.??.??"]
[Round "4"]
[White "Staeger, Pascal"]
[Black "Schweitzer, Marc"]
[Result "1/2-1/2"]
[WhiteElo "2132"]
[BlackElo "1940"]
[PlyCount "114"]
[EventDate "2005.04.16"]
[EventType "swiss"]
[EventRounds "9"]
[EventCountry "FRA"]
[SourceTitle "EXT 2007"]
[Source "ChessBase"]
[SourceDate "2006.11.23"]
[SourceVersion "1"]
[SourceVersionDate "2006.11.23"]
[SourceQuality "1"]

1. e4 d6 2. Nc3 g6 3. g3 Bg7 4. Bg2 e5 5. Nge2 Nc6 6. d3 Nge7 7. Be3 Be6 8. Qd2 Qd7 9. Nd5 f5 10. c3 fxe4 11. dxe4 0-0 12. 0-0 Na5 13. Bg5 Nxd5 14. exd5 Bh3 15. Qd3 Bxg2 16. Kxg2 Qf5 17. Qxf5 Rxf5 18. Bc1 Nc4 19. b3 Nb6 20. g4 Rf7 21. c4 Nd7 22. Bb2 Nf6 23. f3 h5 24. h3 Raf8 25. Rae1 hxg4 26. hxg4 Nd7 27. Bc3 Nc5 28. b4 Nd3 29. Rb1 Nf4+ 30. Nxf4 Rxf4 31. c5 Rc4 32. Be1 Rd4 33. cxd6 cxd6 34. Bf2 Rd2 35. a4 b6 36. Rbd1 Rxd1 37. Rxd1 Rc8 38. a5 bxa5 39. bxa5 Rc2 40. Rb1 Ra2 41. Rb8+ Bf8 42. Ra8 Rxa5 43. Bh4 Kf7 44. Bd8 Ra2+ 45. Kg3 Ra3 46. Bb6 a6 47. Ra7+ Kg8 48. g5 e4 49. Kf4 exf3 50. Be3 a5 51. Kxf3 a4 52. Ke2 Ra2+ 53. Kd3 Bg7 54. Ra8+ Kh7 55. Ra7 Kg8 56. Ra8+ Kh7 57. Ra7 Kg8 1/2-1/2

[Event "Metz op 21st"]
[Site "Metz"]
[Date "2003.04.20"]
[Round "2"]
[White "Sprenger, Jan Michael"]
[Black "Staeger, Pascal"]
[Result "1-0"]
[WhiteElo "2431"]
[BlackElo "2101"]
[PlyCount "31"]
[EventDate "2003.04.19"]
[EventType "swiss"]
[EventRounds "9"]
[EventCountry "FRA"]
[SourceTitle "CBM 093 Extra"]
[Source "ChessBase"]
[SourceDate "2003.05.09"]
[SourceVersion "1"]
[SourceVersionDate "2003.05.09"]
[SourceQuality "1"]

1. e4 c6 2. d4 d5 3. exd5 cxd5 4. c4 dxc4 5. Bxc4 Nf6 6. Nc3 e6 7. Nf3 Be7 8. 0-0 0-0 9. Ne5 Nbd7 10. Bb3 Nb6 11. Bg5 Nbd5 12. Qf3 Rb8 13. Rfe1 Qd6 14. Rac1 b5 15. Nc6 Nxc3 16. Bf4 1-0

[Event "FRA-chT2O 0203"]
[Site "France"]
[Date "2002.11.16"]
[Round "2.1"]
[White "Kallai, Gabor"]
[Black "Staeger, Pascal"]
[Result "1-0"]
[WhiteElo "2501"]
[BlackElo "2101"]
[PlyCount "41"]
[EventDate "2002.10.??"]
[EventType "team"]
[EventRounds "11"]
[EventCountry "FRA"]
[SourceTitle "EXT 2004"]
[Source "ChessBase"]
[SourceDate "2003.11.25"]
[SourceVersion "1"]
[SourceVersionDate "2003.11.25"]
[SourceQuality "1"]
[WhiteTeam "Strasbourg"]
[BlackTeam "Metz Fischer"]
[WhiteTeamCountry "FRA"]
[BlackTeamCountry "FRA"]

1. d4 f5 2. g3 g6 3. Bg2 Bg7 4. Nf3 Nf6 5. c4 0-0 6. Nc3 d6 7. 0-0 Qe8 8. d5 e5 9. dxe6 Bxe6 10. Nd4 Bc8 11. Qb3 Nc6 12. c5+ Kh8 13. Ndb5 Qe7 14. cxd6 cxd6 15. Bf4 Ne5 16. Rad1 Rd8 17. Qa3 Bf8 18. Bg5 Nc4 19. Qb4 Be6 20. Nd4 Rd7 21. Nxe6 1-0